000 01514nam a2200217Ia 4500
003 Ost
005 20260507075308.0
008 260507s9999||||xx |||||||||||||| ||und||
020 _a20608299579
040 _cfsecg
041 _aara
082 _a330
100 _aفياض، عرفات ابراهيم
_eمؤلف
245 0 _aالادارة المالية الدولية و التعامل بالعملات الاجنبية /
_c عرفات ابراهيم فياض
260 _aعمان:
_bدار البداية ناشرون,
_c2011
300 _a204 صفحة؛
_c25 سم
520 _aطبيعة و نطاق علم المالية العامة ، دراسة المالية العامة و المالية الخاصة من خلال الباعث ، من حيث طريقة الحصول على الايراد ، من حيث الاولوية في تقرير الانفاق أو الايراد ، من حيث الملكية ، العلاقة بين علم المالية العامة و العلوم الأخرى عالاقتصاد و السياسة و القانون و الاحصاء و علم المحاسبة و علم الاجتماع ، دراسة ادارة الاعمال الدولية ، التسويق و المسؤولية الاجتماعية و مفهوم المسؤولية الاجتماعية ، مفهوم و فوائد الرقابة و ادارة الهيئات الأهلية .
653 _aالادارة- المالية
653 _aالعملات الأجنبية
942 _cكتاب
999 _c43828
_d43828